000 01293cam a22003497a 4500
003 CHAP
005 20220329142729.0
008 030320d2002 mx a r 00110 spa d
010 _a86992
011 _a87964
035 _a98509
040 _cCHAP
090 _aTesis
100 0 0 _aHernández Hernández, Lázaro.
_954148
245 1 0 _aCaracterización de la producción de velillo del plátano morado (Musa acuminata colla), en el minicipo de Ayotoxco de Guerrero, Puebla
_c/por Lázaro Hernández Hernández
260 _aChapingo, Méx. :
_bEl autor,
_c2002.
300 _a74 h. ;
_bilus.
502 _aTesis (Ing. Agr. Esp. en Fitotecnia) -- UACH. Departamento de Fitotecnia
590 _aALEPH
_b10
_c20130110
_lUCH01
_h1452
590 _aBATCH-UPD
_b10
_c20130110
_lUCH01
_h0746
590 _aBATCH-UPD
_b10
_c20130110
_lUCH01
_h2359
590 _aBATCH-UPD
_b10
_c20130410
_lUCH01
_h0427
590 _aBATCH-UPD
_b10
_c20130914
_lUCH01
_h1610
590 _aCONVERSION
_b10
_c20130109
_lUCH01
_h1348
650 1 4 _aMusa acuminata.
_979854
650 1 4 _aPlátano
_xSubproductos.
_989269
901 _aBK
905 _aMayto Villalobos S.
942 _cFOLL
949 _aTesis
_bBC
_cTES
_d33724000887501
_eTS2
_fc.2
_h40578
_i98509
_sb
949 _aTesis
_bBC
_cTES
_d98509123
_eTS1
_h40577
_i98509
_sb
999 _c86992
_d86992